| 000 | 00613nam a2200205 a 4500 | ||
|---|---|---|---|
| 001 | 160 | ||
| 005 | 20221127085854.0 | ||
| 008 | 050920s lxxua | 00100 eng d | ||
| 020 |
_a0071123164 : _cSR128 |
||
| 035 | _a173 | ||
| 082 | 0 | 4 |
_a658.4052 _bN312 2003 |
| 245 | 0 | 0 |
_aNegotiation : _breadings, exercises, and cases / _cRoy J. Lewicki ... [et al.]. |
| 250 | _a4th ed. | ||
| 260 |
_aBoston, Mass : _bMcGraw-Hill/Irwin, _c2003. |
||
| 300 |
_axvii, 722 p. : _bill. ; _c23 cm. |
||
| 500 | _aIncludes index. | ||
| 650 | 4 | _aNegotiation in business. | |
| 650 | 4 |
_aManagement.. _vCase studies. |
|
| 700 | 0 | _aLewicki, Roy J. | |
| 999 |
_c160 _d160 |
||